Villes françaises et rappeurs - Statistiques

Statistiques générales
  • Ce quiz a été pris 2 129 fois
  • Le résultat moyen est 6 sur 16
Statistiques - réponses
Rappeur Ville % Correct
Akenathon Marseille
92%
Keny Arkana Marseille
92%
Oxmo Puccino Paris
90%
Kaaris Sevran
67%
Booba Boulogne-Billancourt
60%
Dany Dan Boulogne-Billancourt
60%
Kool Shen Saint-Denis
52%
Disiz la Peste Evry
34%
Rohff Vitry-sur-Seine
28%
Passi Sarcelles
16%
Kery James Orly
14%
Sinik Les Ulis
11%
Fuzati Versailles
11%
Doc Gynéco Clichy
9%
MC Solaar Villeneuve Saint-Georges
5%
Lino Villiers-le-Bel
5%
Aucun quiz correspondant
Distribution des résultats
% des personnes avec chaque résultat
Percentile par nombre de réponses
Votre historique - résultats
Vous n’avez pas pris ce quiz